[Event "FRA-ch U16"]
[Site "Pau"]
[Date "2015.04.26"]
[Round "1"]
[White "Meunier, Clement1111"]
[Black "Plaut, Florian"]
[Result "1-0"]
[WhiteElo "2003"]
[BlackElo "1798"]
[PlyCount "61"]
[EventDate "2015.04.26"]
[EventType "swiss"]
[EventRounds "9"]
[EventCountry "FRA"]
[SourceTitle "CBM 166 Extra"]
[Source "ChessBase"]
[SourceDate "2015.06.18"]
[SourceVersion "1"]
[SourceVersionDate "2015.06.18"]
[SourceQuality "1"]

1. d4 Nf6 2. c4 e6 3. Nc3 Bb4 4. e3 Ne4 5. Bd2 Bxc3 6. Bxc3 Nxc3 7. bxc3 d5 8. cxd5 exd5 9. Bd3 0-0 10. Ne2 Nd7 11. 0-0 Nf6 12. a4 Re8 13. Qc2 Qd6 14. Ng3 Kh8 15. Rae1 Bd7 16. f3 a6 17. e4 dxe4 18. fxe4 Qc6 19. Qd2 Re7 20. e5 Nd5 21. c4 Nb6 22. Qg5 Rae8 23. Nh5 Qh6 24. Qxh6 gxh6 25. a5 Nc8 26. Nf6 Rd8 27. Nd5 Be6 28. Nxe7 Nxe7 29. d5 Kg8 30. Bxh7+ Kxh7 31. dxe6 1-0

[Event "FRA-chT U20"]
[Site "Lille"]
[Date "2013.12.08"]
[Round "2.2"]
[White "Aghamir Alrobiai, Nizar"]
[Black "Plaut, Florian"]
[Result "1-0"]
[WhiteElo "1826"]
[BlackElo "1684"]
[PlyCount "49"]
[EventDate "2013.12.07"]
[EventType "team-match"]
[EventRounds "5"]
[EventCountry "FRA"]
[SourceTitle "EXT 2015"]
[Source "ChessBase"]
[SourceDate "2014.11.20"]
[SourceVersion "1"]
[SourceVersionDate "2014.11.20"]
[SourceQuality "1"]

1. e4 c5 2. Nf3 b6 3. c4 Bb7 4. Nc3 e6 5. Be2 a6 6. 0-0 Qc7 7. b3 Nf6 8. d3 Nc6 9. Bb2 Bd6 10. h3 Rg8 11. d4 cxd4 12. Nxd4 Bb4 13. Nxc6 Bxc6 14. a3 Bxc3 15. Bxc3 Nxe4 16. Bd4 f5 17. Qc2 Qb7 18. Bf3 Ng5 19. Bxc6 Qxc6 20. Rfe1 Kf7 21. Qe2 h6 22. Qh5+ Kf8 23. Rad1 Ne4 24. Be5 Nf6 25. Qg6 1-0